LEADER 02792nam1-2200589---450- 001 990001567080203316 005 20091020125205.0 035 $a000156708 035 $aUSA01000156708 035 $a(ALEPH)000156708USA01 035 $a000156708 100 $a20040415f---0---9km-y0itay50------ba 101 0 $aita 102 $aIT 105 $ay|||z|||001yy 200 1 $aDizionario del cinema italiano$etesti e strumenti per la scuola e l'università 205 $a[Nuova ed.] 210 $aRoma$cGremese 215 $av.$d21 cm 463 \1$1001990001543780203316$12001 $a<> <> registi$edal 1930 ai giorni nostri 463 \1$1001990001543840203316$12001 $a<> <> attori$edal 1930 ai giorni nostri 463 \1$1001990001567450203316$12001 $a<> <> attrici$edal 1930 ai giorni nostri 463 \1$1001990002070640203316$12001 $a<> Tutti i film italiani dal 1960 [i.e. 1970] al 1969 [i.e. 1979]. 1, A-L 463 \1$1001990002160810203316$12001 $aFantascienza, fantasy, horror$etutti i film italiani dal 1930 al 2000 463 \1$1001990002160860203316$12001 $aGialli, polizieschi, thriller$etutti i film i taliani dal 1930 al 2000 463 \1$1001990002681350203316$12001 $a<> Tutti i film italiani dal 1930 al 1944 463 \1$1001990002682400203316$12001 $a<> film 463 \1$1001990002682890203316$12001 $a<> artisti 463 \1$1001990002682900203316$12001 $a<> generi 463 \1$1001990002723880203316$12001 $aSpionaggio, avventura, eroi moderni$etutti i film italiani dal 1930 a oggi 463 \1$1001990002871140203316$12001 $a<> Attori stranieri del nostro cinema 463 \1$1001990002976120203316$12001 $a<> Tutti i film italiani dal 1945 al 1959 463 \1$1001990003038410203316$12001 $a<> Tutti i film italiani dal 1960-1969. 1, A-L 463 \1$1001990003060880203316$12001 $a<> Tutti i film italiani dal 1960-1969. 2, M-Z 463 \1$1001990005855090203316$12001 $a<> Tutti i film italiani dal 1970 al 1979. 2, M-Z 606 0 $aCinema italiano$xDizionari$2BNCF 676 $a791.430945 801 0$aIT$bsalbc$gISBD$gISBD 912 $a990001567080203316 951 $aXIII.2. 189/(XVI A 51/)$bL.M.$cXIII.2. 959 $aBK 969 $aUMA 979 $aMARIA$b10$c20040415$lUSA01$h1142 979 $aANGELA$b90$c20040604$lUSA01$h1234 979 $aRENATO$b90$c20040628$lUSA01$h1223 979 $aRENATO$b90$c20040628$lUSA01$h1233 979 $aPATRY$b90$c20051107$lUSA01$h1316 979 $aANNAMARIA$b90$c20091020$lUSA01$h1229 979 $aANNAMARIA$b90$c20091020$lUSA01$h1230 979 $aANNAMARIA$b90$c20091020$lUSA01$h1252 996 $aDizionario del cinema italiano$9505660 997 $aUNISA LEADER 01638nlm0 22004571i 450 001 990009242300403321 010 $a9783540689676 035 $a000924230 035 $aFED01000924230 035 $a(Aleph)000924230FED01 035 $a000924230 100 $a20100926d2006----km-y0itay50------ba 101 0 $aeng 102 $aDE 135 $adrnn-008mamaa 200 1 $aAgents and Peer-to-Peer Computing$bRisorsa elettronica$e4th International Workshop, AP2PC 2005, Utrecht, The Netherlands, July 25, 2005. Revised Papers$fedited by Zoran Despotovic, Sam Joseph, Claudio Sartori 210 $aBerlin ; Heidelberg$cSpringer$d2006 225 1 $aLecture Notes in Computer Science$x0302-9743$v4118 230 $aDocumento elettronico 336 $aTesto 337 $aFormato html, pdf 702 1$aDespotovic,$bZoran 702 1$aJoseph,$bSam 702 1$aSartori,$bClaudio 801 0$aIT$bUNINA$gREICAT$2UNIMARC 856 4 $zFull text per gli utenti Federico II$uhttp://dx.doi.org/10.1007/11925941 901 $aEB 912 $a990009242300403321 961 $aArtificial intelligence 961 $aArtificial Intelligence (incl. Robotics) 961 $aComputer Communication Networks 961 $aComputer Communication Networks 961 $aComputer science 961 $aComputer Science 961 $aComputers and Society 961 $aInformation Storage and Retrieval 961 $aInformation storage and retrieval systems 961 $aInformation systems 961 $aInformation Systems Applications (incl.Internet) 996 $aAgents and Peer-to-Peer Computing$9772342 997 $aUNINA LEADER 02444oam 2200565I 450 001 9910461039203321 005 20170919034352.0 010 $a1-315-71402-7 010 $a1-317-49975-1 024 7 $a10.4324/9781315714028 035 $a(CKB)3710000000431429 035 $a(EBL)3569585 035 $a(SSID)ssj0001576151 035 $a(PQKBManifestationID)16245315 035 $a(PQKBTitleCode)TC0001576151 035 $a(PQKBWorkID)12609592 035 $a(PQKB)10175387 035 $a(MiAaPQ)EBC3569585 035 $a(OCoLC)958107327 035 $a(EXLCZ)993710000000431429 100 $a20180706e20151972 uy 0 101 0 $aeng 135 $aur|n|---||||| 181 $ctxt 182 $cc 183 $acr 200 14$aThe Boar's Head Theatre $ean inn-yard theatre of the Elizabethan Age /$fC.J. Sisson ; edited by Stanley Wells 210 1$aAbingdon, Oxon :$cRoutledge,$d2015. 215 $a1 online resource (123 p.) 225 1 $aRoutledge Revivals 300 $aFirst published in 1972 by Routledge & Kegan Paul Ltd. 311 $a1-138-88756-0 311 $a1-138-88755-2 320 $aIncludes bibliographical references and index. 327 $a""Cover""; ""Half Title""; ""Title Page""; ""Copyright Page""; ""Original Title Page""; ""Original Copyright Page""; ""Dedication""; ""Table of Contents""; ""List of Figures""; ""Editor's Introduction""; ""Introduction""; ""Chapter I The Inn-yard Theatre""; ""Chapter II The George Inn in Whitechapel""; ""Chapter III The Boar's Head Inn""; ""Location and Early History""; ""Structure and Accommodation of the Inn""; ""The Inn and Theatre from 1594 to 1599""; ""Chapter IV The Battle for the Theatre""; ""The Legal Background""; ""Alarums and Excursions""; ""A Flurry of Litigants"" 327 $a""The End of the Story""""Appendix A The Inn-yard Theatre in Chambers, Lawrence and Hotson""; ""Appendix B Brayne, Burbage and Miles""; ""Further Reading""; ""Index"" 410 0$aRoutledge revivals. 606 $aTheaters$zEngland$zLondon$xHistory$y16th century 608 $aElectronic books. 615 0$aTheaters$xHistory 676 $a792.09421 700 $aSisson$b Charles Jasper$f1885-1966.,$0457620 701 $aWells$b Stanley$f1930-$0144399 801 0$bMiAaPQ 801 1$bMiAaPQ 801 2$bMiAaPQ 906 $aBOOK 912 $a9910461039203321 996 $aThe Boar's Head Theatre$92130408 997 $aUNINA